Situación y Perspectivas de la Evaluación y la acreditación de la Educación Superior para Promover la Calidad SEESCyT (Record no. 8338)
[ view plain ]
| 000 -LEADER | |
|---|---|
| campo de control de longitud fija | 00499nam a2200133Ia 4500 |
| 001 - NÚMERO DE CONTROL | |
| campo de control | 381 |
| 008 - DATOS DE LONGITUD FIJA--INFORMACIÓN GENERAL | |
| campo de control de longitud fija | 241024s9999 xx 000 0 und d |
| 082 ## - NÚMERO DE LA CLASIFICACIÓN DECIMAL DEWEY | |
| Número de clasificación | RD/378.97293/R426s/2 |
| 100 ## - ENTRADA PRINCIPAL--NOMBRE DE PERSONA | |
| Nombre de persona | República Dominicana.Secretaria de Estado de Educación Superior Ciencia y Tecnología |
| 245 #0 - MENCIÓN DEL TÍTULO | |
| Título | Situación y Perspectivas de la Evaluación y la acreditación de la Educación Superior para Promover la Calidad SEESCyT |
| 260 ## - PUBLICACIÓN, DISTRIBUCIÓN, ETC. | |
| Nombre del editor, distribuidor, etc. | Editora Manatí |
| Fecha de publicación, distribución, etc. | 2006 |
| 901 ## - ELEMENTOS DE DATOS A LOCAL LDA (RLIN) | |
| a | 5/11/2010 9:36:30 a.m. |
No items available.